[Event "20. Torneo San Viator 2013"]
[Site "Madrid ESP"]
[Date "2013.05.12"]
[Round "5.26"]
[White "Moratalla Garcia, Joaquin"]
[Black "Hidalgo Prado, David"]
[Result "1-0"]
[WhiteElo "1683"]
[BlackElo "1397"]
[PlyCount "69"]
[EventDate "2013.04.07"]
[EventType "swiss"]
[EventRounds "9"]
[EventCountry "ESP"]
[Source "lmi"]
[SourceDate "2013.04.07"]

1. e4 e6 2. d4 d5 3. Nc3 Nf6 4. Bg5 dxe4 5. Nxe4 Be7 6. Bxf6 gxf6 7. g3 a6 8.
Bg2 Nd7 9. Nf3 b5 10. O-O Bb7 11. Qe2 O-O 12. Rfd1 f5 13. Ned2 Bd5 14. Ne5 Nxe5
15. dxe5 Bxg2 16. Kxg2 Qc8 17. Nf3 f6 18. Kf1 c5 19. Rd2 Qc6 20. Kg1 Rad8 21.
Rad1 Rxd2 22. Rxd2 Rd8 23. Rxd8+ Bxd8 24. Qd3 Qd5 25. Qe2 Qxa2 26. b3 Kf7 27.
Qd1 Be7 28. exf6 Kxf6 29. Qd2 h6 30. Qxh6+ Kf7 31. Ne5+ Ke8 32. Qxe6 Qb1+ 33.
Kg2 Qxc2 34. Qg8+ Bf8 35. Qf7+ 1-0

[Event "20. Torneo San Viator 2013"]
[Site "Madrid ESP"]
[Date "2013.05.12"]
[Round "5.28"]
[White "Moreno Sanchez, Guillermo"]
[Black "Perez Bruni, Alfredo"]
[Result "1/2-1/2"]
[WhiteElo "1664"]
[BlackElo "1836"]
[PlyCount "47"]
[EventDate "2013.04.07"]
[EventType "swiss"]
[EventRounds "9"]
[EventCountry "ESP"]
[Source "lmi"]
[SourceDate "2013.04.07"]

1. d4 Nf6 2. c4 e5 3. dxe5 Ng4 4. Nf3 Nc6 5. e3 Ngxe5 6. Nc3 Bb4 7. Bd2 a5 8.
a3 Bc5 9. Ne4 Qe7 10. Bc3 d6 11. h3 O-O 12. Nxc5 dxc5 13. Nxe5 Nxe5 14. Qh5 Ng6
15. Bd3 Ra6 16. O-O Rd8 17. Rad1 Rad6 18. Bxg6 Rxg6 19. Qe5 Be6 20. Qxc5 Qxc5
21. Rxd8+ Qf8 22. Rxf8+ Kxf8 23. g4 Bxc4 24. Rc1 1/2-1/2

[Event "20. Torneo San Viator 2013"]
[Site "Madrid ESP"]
[Date "2013.05.12"]
[Round "5.31"]
[White "Ojosnegros Martin, Angel"]
[Black "Sanz Miranda, Fernando"]
[Result "0-1"]
[WhiteElo "1513"]
[BlackElo "1677"]
[PlyCount "96"]
[EventDate "2013.04.07"]
[EventType "swiss"]
[EventRounds "9"]
[EventCountry "ESP"]
[Source "lmi"]
[SourceDate "2013.04.07"]

1. e4 c6 2. d4 d5 3. exd5 cxd5 4. Nf3 Nf6 5. c3 e6 6. Bd3 Nc6 7. O-O Bd6 8. Re1
O-O 9. Ne5 Nd7 10. f4 Nf6 11. Nd2 g6 12. Qf3 Re8 13. Nf1 Bd7 14. Ne3 Bf8 15.
N3g4 Bg7 16. f5 exf5 17. Nxf6+ Bxf6 18. Qxd5 Nxe5 19. dxe5 Bc6 20. Qd4 Qd5 21.
Qxd5 Bxd5 22. c4 Bc6 23. Bf4 Be7 24. Re2 Rad8 25. Bc2 Bc5+ 26. Kh1 Rd4 27. Bg5
Rxc4 28. Bb3 Re4 29. Rae1 R8xe5 30. Rxe4 Rxe4 31. Rd1 Kg7 32. h3 Re2 33. Rd2
Bxg2+ 34. Kh2 Rxd2 35. Bxd2 Be4 36. Bc3+ Kf8 37. Kg3 Bd6+ 38. Kh4 h6 39. Bf6
Be7 40. Bxe7+ Kxe7 41. Kg3 f6 42. h4 Kd6 43. a3 Ke5 44. Bf7 g5 45. h5 Kd4 46.
Bg6 Ke3 47. a4 f4+ 48. Kh2 Bc6 0-1

[Event "20. Torneo San Viator 2013"]
[Site "Madrid ESP"]
[Date "2013.05.12"]
[Round "5.32"]
[White "Gil Calvente, Jose Antonio"]
[Black "Bermejo Jimenez, Adolfo"]
[Result "1-0"]
[WhiteElo "1597"]
[BlackElo "1396"]
[PlyCount "73"]
[EventDate "2013.04.07"]
[EventType "swiss"]
[EventRounds "9"]
[EventCountry "ESP"]
[Source "lmi"]
[SourceDate "2013.04.07"]

1. e4 c6 2. d4 d5 3. Nc3 dxe4 4. Nxe4 Bf5 5. Ng3 Bg6 6. Nf3 h6 7. Ne5 Bh7 8.
Bc4 e6 9. Qh5 g6 10. Qf3 Qf6 11. Ne4 Qxf3 12. Nxf3 g5 13. Bd3 Nd7 14. Be3 Bxe4
15. Bxe4 f5 16. Bd3 Ngf6 17. O-O-O Kf7 18. Rhe1 Bg7 19. h4 f4 20. Bd2 Ng4 21.
Re2 Rad8 22. hxg5 e5 23. dxe5 Bxe5 24. Nxe5+ Ngxe5 25. Bxf4 Rde8 26. Bf5 Re7
27. Rde1 Rhe8 28. gxh6 Kf6 29. Bxd7 Nd3+ 30. cxd3 Rxe2 31. Rxe2 Rxe2 32. Be3
Re1+ 33. Kd2 Rh1 34. Bh3 b6 35. d4 Kg6 36. Bd7 Rh5 37. Be8+ 1-0

[Event "20. Torneo San Viator 2013"]
[Site "Madrid ESP"]
[Date "2013.05.12"]
[Round "5.33"]
[White "Villarroya Samaniego, Javier"]
[Black "Jaumandreu Llopis, Antonio"]
[Result "0-1"]
[WhiteElo "1267"]
[BlackElo "1590"]
[PlyCount "108"]
[EventDate "2013.04.07"]
[EventType "swiss"]
[EventRounds "9"]
[EventCountry "ESP"]
[Source "lmi"]
[SourceDate "2013.04.07"]

1. d4 Nf6 2. e3 d6 3. Nf3 g6 4. b3 Bg7 5. Bb2 O-O 6. c4 e6 7. Bd3 Nbd7 8. Qc2
c5 9. O-O b6 10. Nc3 a6 11. a4 Bb7 12. Be2 Re8 13. Rad1 Qc7 14. Rd2 Rad8 15.
Rfd1 Nb8 16. d5 e5 17. Ne4 Bc8 18. h3 Bf5 19. Bd3 Qd7 20. Nxf6+ Bxf6 21. Bxf5
Qxf5 22. Qxf5 gxf5 23. Ne1 Kh8 24. Nd3 Nd7 25. Re1 Rg8 26. Rf1 Rg7 27. f4 e4
28. Bxf6 Nxf6 29. Ne1 Rdg8 30. Kh2 Rg6 31. Rff2 Rh6 32. Kg1 Rxh3 33. Kf1 Rxe3
34. Rb2 Ng4 35. Rfe2 Rxe2 36. Rxe2 Nf6 37. Nc2 Nh5 38. Rf2 Re8 39. Ne3 Ng3+ 40.
Kg1 Rg8 41. Kh2 Rg6 42. Kh3 Kg7 43. Kh2 Kf6 44. Kh3 Nh5 45. Kh2 Rh6 46. Kg1 Ng3
47. Rb2 Rh4 48. Kf2 Nh5 49. g3 Rh2+ 50. Ng2 Rh3 51. Re2 Rxg3 52. Re3 Rxe3 53.
Nxe3 Nxf4 54. Kg3 Nd3 0-1

[Event "20. Torneo San Viator 2013"]
[Site "Madrid ESP"]
[Date "2013.05.12"]
[Round "5.35"]
[White "Rendo Quindos, Pedro"]
[Black "Vicioso Barbadillo, Juan J"]
[Result "1-0"]
[WhiteElo "1606"]
[BlackElo "1487"]
[PlyCount "69"]
[EventDate "2013.04.07"]
[EventType "swiss"]
[EventRounds "9"]
[EventCountry "ESP"]
[Source "lmi"]
[SourceDate "2013.04.07"]

1. e4 e6 2. Nf3 Nc6 3. Nc3 Nf6 4. Be2 d5 5. exd5 Nxd5 6. O-O Nxc3 7. dxc3 Qxd1
8. Rxd1 Bd6 9. Nd4 Nxd4 10. cxd4 O-O 11. Be3 Re8 12. c4 b6 13. Bf3 Rb8 14. Bc6
Rd8 15. a3 Bb7 16. Bxb7 Rxb7 17. b4 c5 18. dxc5 bxc5 19. Bxc5 Rbd7 20. Bxd6
Rxd6 21. Rxd6 Rxd6 22. c5 Rd8 23. Kf1 g6 24. Ke2 e5 25. Rd1 Rxd1 26. Kxd1 f5
27. b5 Kf8 28. b6 axb6 29. cxb6 Ke8 30. b7 Kd8 31. b8=Q+ Kd7 32. Qxe5 Kc6 33.
a4 Kb6 34. Qb5+ Kc7 35. a5 1-0

[Event "20. Torneo San Viator 2013"]
[Site "Madrid ESP"]
[Date "2013.05.12"]
[Round "5.36"]
[White "Montesinos Hernandez, Alejandro"]
[Black "Olias Ruiz, Enrique"]
[Result "1-0"]
[WhiteElo "1498"]
[BlackElo "1398"]
[PlyCount "53"]
[EventDate "2013.04.07"]
[EventType "swiss"]
[EventRounds "9"]
[EventCountry "ESP"]
[Source "lmi"]
[SourceDate "2013.04.07"]

1. e4 e5 2. Nf3 Nc6 3. Bc4 Nf6 4. c3 a6 5. d3 h6 6. O-O b5 7. Bb3 Bb7 8. Be3 d5
9. exd5 Nxd5 10. Re1 g5 11. d4 e4 12. Ne5 Qd6 13. Nxc6 Bxc6 14. Qg4 Nf6 15. Qe2
Rh7 16. Nd2 O-O-O 17. a4 Kb7 18. axb5 Bxb5 19. c4 Bd7 20. c5 Qc6 21. Nc4 Qb5
22. Na5+ Ka7 23. Bc4 Qb4 24. Bxa6 Rb8 25. Bb7 Qb5 26. Nc6+ Kxb7 27. Qxb5+ 1-0

[Event "20. Torneo San Viator 2013"]
[Site "Madrid ESP"]
[Date "2013.05.19"]
[Round "6.1"]
[White "Cabanas Bravo, Juan Andres"]
[Black "Renteria, Jorge"]
[Result "1-0"]
[WhiteElo "2103"]
[BlackElo "2300"]
[PlyCount "77"]
[EventDate "2013.04.07"]
[EventType "swiss"]
[EventRounds "9"]
[EventCountry "ESP"]
[Source "lmi"]
[SourceDate "2013.04.07"]

1. e4 c5 2. Nf3 d6 3. d4 cxd4 4. Nxd4 Nf6 5. Nc3 a6 6. Bg5 e6 7. f4 h6 8. Bh4
Qb6 9. Bxf6 gxf6 10. Qd2 Qxb2 11. Rb1 Qa3 12. Be2 Nc6 13. Nxc6 bxc6 14. O-O Be7
15. Rb3 Qa5 16. Rfb1 h5 17. Kh1 h4 18. h3 d5 19. Rb6 Bc5 20. Rxc6 d4 21. Bb5
axb5 22. Rxc5 dxc3 23. Qd4 Qd8 24. Qxc3 Rg8 25. Rcxb5 Rg3 26. Qb4 Qe7 27. Qd4
Kf8 28. Rh5 Bb7 29. Rxh4 Kg7 30. Kh2 Rg6 31. Rb5 Rh8 32. Rxh8 Kxh8 33. Qa7
Rxg2+ 34. Kh1 Rg6 35. Rxb7 Qd6 36. Qb8+ Qxb8 37. Rxb8+ Kg7 38. a4 Rg3 39. Rb3
1-0

[Event "20. Torneo San Viator 2013"]
[Site "Madrid ESP"]
[Date "2013.05.19"]
[Round "6.2"]
[White "Solaesa Navalpotro, Luis Julio"]
[Black "Hernandez Mateo, Borja"]
[Result "1-0"]
[WhiteElo "2249"]
[BlackElo "1789"]
[PlyCount "83"]
[EventDate "2013.04.07"]
[EventType "swiss"]
[EventRounds "9"]
[EventCountry "ESP"]
[Source "lmi"]
[SourceDate "2013.04.07"]

1. d4 d5 2. c4 e6 3. Nc3 Nf6 4. cxd5 exd5 5. Bg5 Be7 6. e3 O-O 7. Bd3 Nbd7 8.
Nge2 h6 9. Bf4 c6 10. h3 Re8 11. Qc2 Nf8 12. O-O-O Bd6 13. g4 g5 14. Bxd6 Qxd6
15. Ng3 Bd7 16. Bf5 Ne6 17. h4 Ng7 18. hxg5 hxg5 19. Rh6 Bc8 20. Bxc8 Raxc8 21.
Nf5 Qe6 22. Rdh1 Nxf5 23. gxf5 Qe7 24. Qd1 Kg7 25. Qg1 g4 26. Qh2 Rg8 27. Qh4
g3 28. Rg1 Kf8 29. Rxg3 Rxg3 30. Qxg3 Ke8 31. Qg5 Nd7 32. Rh8+ Nf8 33. f6 Qd6
34. Qg7 c5 35. Qg5 cxd4 36. exd4 Rc4 37. Kb1 Qb6 38. Qh6 Qb4 39. a3 Qd6 40. Nb5
Qb6 41. Qxf8+ Kd7 42. Qe8# 1-0

[Event "20. Torneo San Viator 2013"]
[Site "Madrid ESP"]
[Date "2013.05.19"]
[Round "6.3"]
[White "Iturbide Arnedo, Oscar"]
[Black "Villanueva Ortega, Ruben"]
[Result "1-0"]
[WhiteElo "2151"]
[BlackElo "1610"]
[PlyCount "109"]
[EventDate "2013.04.07"]
[EventType "swiss"]
[EventRounds "9"]
[EventCountry "ESP"]
[Source "lmi"]
[SourceDate "2013.04.07"]

1. e4 e6 2. d4 d5 3. e5 c5 4. c3 Nc6 5. Nf3 Qb6 6. a3 c4 7. Nbd2 Na5 8. Be2 Bd7
9. O-O h6 10. Rb1 Ne7 11. Re1 Ng6 12. g3 Be7 13. Qc2 Qc7 14. Bd1 Rc8 15. Nf1
Qb6 16. Be3 Nb3 17. Qe2 Ba4 18. h4 Kd8 19. N3h2 Kc7 20. h5 Nf8 21. Qg4 g6 22.
Qf3 Be8 23. Ng4 g5 24. Nf6 Bc6 25. Ng4 Be8 26. Nf6 Bc6 27. Nh2 Nh7 28. Nfg4 Nf8
29. Qxf7 Rh7 30. Qf3 Kb8 31. Bc2 Rh8 32. Qf7 Rh7 33. Bxh7 Qd8 34. Bc2 Be8 35.
Qg7 Bxh5 36. Qxh6 Be8 37. Nf3 Na5 38. Bxg5 Rc7 39. Bxe7 Qxe7 40. Nf6 Bf7 41.
Ng5 Nc6 42. Qg7 Nd8 43. Kg2 Bg6 44. Qxe7 Rxe7 45. Bxg6 Nxg6 46. Rh1 Kc7 47. Rh7
Rxh7 48. Ngxh7 Nf7 49. f4 Nh6 50. Ng5 Nf8 51. Rh1 Nf5 52. Kf3 Kd8 53. g4 Ne7
54. Rh8 Neg6 55. Nxe6+ 1-0

[Event "20. Torneo San Viator 2013"]
[Site "Madrid ESP"]
[Date "2013.05.19"]
[Round "6.4"]
[White "Barahona Torrijos, Angel"]
[Black "Garcia-Ruiz Fuentes, Angel M"]
[Result "0-1"]
[WhiteElo "1885"]
[BlackElo "1952"]
[PlyCount "114"]
[EventDate "2013.04.07"]
[EventType "swiss"]
[EventRounds "9"]
[EventCountry "ESP"]
[Source "lmi"]
[SourceDate "2013.04.07"]

1. e4 c5 2. a3 g6 3. d4 cxd4 4. c3 d3 5. Bxd3 Bg7 6. Be3 Nc6 7. Nf3 d6 8. Nbd2
Nf6 9. O-O O-O 10. h3 Nd7 11. Nc4 Nc5 12. b4 Nxd3 13. Qxd3 Be6 14. b5 Na5 15.
Nxa5 Qxa5 16. Nd4 Bd7 17. c4 Rfc8 18. Rab1 a6 19. b6 Bc6 20. f4 Qh5 21. f5 Be5
22. fxg6 hxg6 23. Rf3 Qh4 24. Nxc6 Rxc6 25. Rbf1 Rf8 26. Bf4 Rc5 27. Bxe5 Rxe5
28. Rf4 Qh5 29. g4 Qh8 30. Qf3 Qg7 31. Rf2 f6 32. h4 Rc8 33. Rg2 Rxc4 34. g5 f5
35. exf5 Rxf4 36. Qxf4 Rxf5 37. Qc4+ Qf7 38. Qc8+ Kh7 39. Qc1 Qd5 40. h5 Qd4+
41. Kh2 gxh5 42. Qe1 Qe5+ 43. Qxe5 Rxe5 44. Rc2 Rb5 45. Kg3 Rxg5+ 46. Kh4 Rb5
47. Rc7 Rxb6 48. Kxh5 Rb5+ 49. Kg4 Re5 50. Rxb7 Kg6 51. Ra7 a5 52. Kf4 Kf6 53.
Ra8 Ke6 54. Ra7 Rc5 55. Ke4 Rc4+ 56. Kd3 Ra4 57. Kc3 Rxa3+ 0-1

[Event "20. Torneo San Viator 2013"]
[Site "Madrid ESP"]
[Date "2013.05.19"]
[Round "6.5"]
[White "Gomez Dorado, Ernesto"]
[Black "Unciti Juan, Javier"]
[Result "0-1"]
[WhiteElo "1769"]
[BlackElo "2196"]
[PlyCount "36"]
[EventDate "2013.04.07"]
[EventType "swiss"]
[EventRounds "9"]
[EventCountry "ESP"]
[Source "lmi"]
[SourceDate "2013.04.07"]

1. e4 e6 2. d4 d5 3. exd5 exd5 4. c4 Nf6 5. Nc3 Be7 6. cxd5 O-O 7. Bc4 Re8 8.
Nf3 Bb4+ 9. Ne5 Nbd7 10. O-O Nxe5 11. dxe5 Rxe5 12. Qb3 Bd6 13. Bf4 Rh5 14. Bg3
Bxg3 15. fxg3 Qd6 16. Nb5 Qb6+ 17. Kh1 Rxh2+ 18. Kxh2 Ng4+ 0-1

[Event "20. Torneo San Viator 2013"]
[Site "Madrid ESP"]
[Date "2013.05.19"]
[Round "6.6"]
[White "Julian Serra, Rogelio"]
[Black "Padin Lazaro, Jose Manuel"]
[Result "1-0"]
[WhiteElo "2014"]
[BlackElo "1809"]
[PlyCount "69"]
[EventDate "2013.04.07"]
[EventType "swiss"]
[EventRounds "9"]
[EventCountry "ESP"]
[Source "lmi"]
[SourceDate "2013.04.07"]

1. Nf3 d5 2. g3 c5 3. Bg2 Nc6 4. O-O Nf6 5. b3 e6 6. e3 Bd6 7. c4 O-O 8. Bb2 b6
9. Nc3 Bb7 10. cxd5 Nxd5 11. Nxd5 exd5 12. d4 Ne7 13. dxc5 bxc5 14. Ng5 h6 15.
Nh3 Qc7 16. Qg4 Be5 17. Bxe5 Qxe5 18. Rfd1 Rfd8 19. Qf4 f6 20. Rac1 Rac8 21.
Qa4 a6 22. Qa5 Qc7 23. Qxc7 Rxc7 24. Nf4 Kf7 25. Rd2 g5 26. Nd3 c4 27. bxc4
dxc4 28. Bxb7 Rxb7 29. Ne5+ Ke8 30. Rxd8+ Kxd8 31. Nf7+ Kd7 32. Rxc4 Rb1+ 33.
Kg2 Ke6 34. Nxh6 f5 35. e4 1-0

[Event "20. Torneo San Viator 2013"]
[Site "Madrid ESP"]
[Date "2013.05.19"]
[Round "6.7"]
[White "Martin Hernandez, Vicente"]
[Black "Martinez Montalvo, Eduardo"]
[Result "0-1"]
[WhiteElo "2005"]
[BlackElo "1779"]
[PlyCount "33"]
[EventDate "2013.04.07"]
[EventType "swiss"]
[EventRounds "9"]
[EventCountry "ESP"]
[Source "lmi"]
[SourceDate "2013.04.07"]

1. d4 Nf6 2. c4 e5 3. dxe5 Ng4 4. Nf3 Bc5 5. e3 Nc6 6. Be2 Ngxe5 7. Nbd2 O-O 8.
O-O Re8 9. b3 a5 10. Bb2 Ra6 11. Ne4 Nxf3+ 12. Bxf3 Ba7 13. Qc2 Ne5 14. Nd2 Rh6
15. Qf5 d6 16. Qf4 Nd3 17. Qg3 0-1

[Event "20. Torneo San Viator 2013"]
[Site "Madrid ESP"]
[Date "2013.05.19"]
[Round "6.8"]
[White "Sotoca Aguado, Jose"]
[Black "Cazorla Munoz, Francisco"]
[Result "1-0"]
[WhiteElo "1976"]
[BlackElo "1735"]
[PlyCount "131"]
[EventDate "2013.04.07"]
[EventType "swiss"]
[EventRounds "9"]
[EventCountry "ESP"]
[Source "lmi"]
[SourceDate "2013.04.07"]

1. e4 e5 2. Nf3 Nc6 3. Bb5 a6 4. Ba4 Nf6 5. O-O Bc5 6. d3 d6 7. c3 O-O 8. Bg5
h6 9. Bh4 Bg4 10. h3 Bh5 11. g4 Bg6 12. Nbd2 Qe7 13. b4 Bb6 14. Bxc6 bxc6 15.
Nc4 Qe6 16. Nxb6 cxb6 17. Bg3 Rfe8 18. Nh4 h5 19. f3 Rad8 20. Qe2 d5 21. Bf2 b5
22. Rfd1 Nh7 23. Kh2 Ng5 24. Nf5 hxg4 25. fxg4 Bxf5 26. gxf5 Qh6 27. Qg4 d4 28.
cxd4 exd4 29. Kg2 f6 30. Rac1 Nf7 31. Bg3 Rc8 32. Bf4 Qh7 33. Rc5 Ne5 34. Bxe5
fxe5 35. Qg5 Kf7 36. Kg3 Qh6 37. h4 Qf6 38. Rdc1 Qd6 39. Kg4 Rh8 40. Qg6+ Qxg6+
41. fxg6+ Kxg6 42. Rxc6+ Rxc6 43. Rxc6+ Kf7 44. Rxa6 Rc8 45. Kf5 Rc3 46. Ra7+
Kf8 47. Ke6 g6 48. Kf6 Ke8 49. Ke6 Kd8 50. Rb7 Rxd3 51. Rxb5 Rd1 52. Kxe5 d3
53. a4 d2 54. Rd5+ Kc7 55. a5 Kb7 56. b5 Kc7 57. Ke6 Re1 58. Rd7+ Kc8 59. Rxd2
Rxe4+ 60. Kd6 Rxh4 61. a6 Rc4 62. b6 Kb8 63. Rf2 g5 64. Rf8+ Rc8 65. Rxc8+ Kxc8
66. Ke5 1-0

[Event "20. Torneo San Viator 2013"]
[Site "Madrid ESP"]
[Date "2013.05.19"]
[Round "6.9"]
[White "Rosa Ramirez, Victor D"]
[Black "Gutierrez Mordini, Pablo"]
[Result "1-0"]
[WhiteElo "1945"]
[BlackElo "1696"]
[PlyCount "27"]
[EventDate "2013.04.07"]
[EventType "swiss"]
[EventRounds "9"]
[EventCountry "ESP"]
[Source "lmi"]
[SourceDate "2013.04.07"]

1. e4 e5 2. Nf3 Nc6 3. Bc4 Nf6 4. O-O Nxe4 5. Nc3 Nxc3 6. dxc3 Be7 7. Qd5 O-O
8. Nxe5 Nxe5 9. Qxe5 Bd6 10. Qh5 g6 11. Qd5 Qf6 12. Re1 c6 13. Qd1 Qh4 14. Qxd6
1-0

[Event "20. Torneo San Viator 2013"]
[Site "Madrid ESP"]
[Date "2013.05.19"]
[Round "6.10"]
[White "Sierra Bermejo, Gregorio"]
[Black "Garcia Sanjuan, Jose"]
[Result "1/2-1/2"]
[WhiteElo "1654"]
[BlackElo "1877"]
[PlyCount "83"]
[EventDate "2013.04.07"]
[EventType "swiss"]
[EventRounds "9"]
[EventCountry "ESP"]
[Source "lmi"]
[SourceDate "2013.04.07"]

1. c4 b6 2. Nc3 Bb7 3. e4 e5 4. Nf3 Nc6 5. Bd3 Nf6 6. O-O Bc5 7. a3 a5 8. Bc2
O-O 9. Na4 Bd4 10. Nc3 Re8 11. d3 h6 12. Ne2 Bc5 13. Bd2 Qe7 14. Ng3 Nd4 15.
Nxd4 Bxd4 16. Nf5 Qe6 17. Rb1 Kh7 18. b4 axb4 19. axb4 Ng8 20. Bb3 Qf6 21. Nxd4
exd4 22. Qg4 d6 23. f4 Qe7 24. Qf5+ g6 25. Qh3 Bc8 26. Qf3 Bd7 27. b5 Rf8 28.
Ra1 Rxa1 29. Rxa1 Nf6 30. h3 Rg8 31. g4 Ne8 32. Rf1 f5 33. exf5 gxf5 34. g5 Qf7
35. h4 Ng7 36. Bd1 h5 37. Re1 Re8 38. Rxe8 Bxe8 39. Qf2 Ne6 40. Bf3 Qg7 41. Qg2
Qg6 42. Kf2 1/2-1/2

[Event "20. Torneo San Viator 2013"]
[Site "Madrid ESP"]
[Date "2013.05.19"]
[Round "6.11"]
[White "Sierra Soria, Maria"]
[Black "Yaniz Lana, Francisco Javier"]
[Result "1-0"]
[WhiteElo "1864"]
[BlackElo "1653"]
[PlyCount "79"]
[EventDate "2013.04.07"]
[EventType "swiss"]
[EventRounds "9"]
[EventCountry "ESP"]
[Source "lmi"]
[SourceDate "2013.04.07"]

1. e4 c5 2. Nf3 d6 3. d4 Nf6 4. Nc3 cxd4 5. Nxd4 g6 6. Bc4 Bg7 7. O-O O-O 8.
Kh1 Nc6 9. Qd3 Ng4 10. Nde2 Nge5 11. Bxf7+ Rxf7 12. Qg3 Qf8 13. f4 Kh8 14. Nd5
e6 15. Ne3 Nd7 16. c3 Nc5 17. Qf3 Nd3 18. Nc4 Nxc1 19. Raxc1 b5 20. e5 Bb7 21.
Nxd6 Nd4 22. Nxf7+ Qxf7 23. Qd3 Nf5 24. Kg1 Bf8 25. Nd4 Bc5 26. Qxb5 Rc8 27.
Qd3 Qc7 28. Kh1 Bb6 29. Nf3 Be3 30. Rcd1 Bd5 31. Rfe1 Bxf4 32. c4 Bc6 33. b3 g5
34. Nd4 Nh4 35. Nxc6 Qxc6 36. Qe4 Qa6 37. g3 Qxa2 38. gxf4 Rf8 39. Rd7 Rf5 40.
Qa8+ 1-0

[Event "20. Torneo San Viator 2013"]
[Site "Madrid ESP"]
[Date "2013.05.19"]
[Round "6.12"]
[White "Ramos Pinto, Jose Maria"]
[Black "Ore Leon, Gustavo"]
[Result "0-1"]
[WhiteElo "1642"]
[BlackElo "1856"]
[PlyCount "52"]
[EventDate "2013.04.07"]
[EventType "swiss"]
[EventRounds "9"]
[EventCountry "ESP"]
[Source "lmi"]
[SourceDate "2013.04.07"]

1. e4 c5 2. Nf3 d6 3. d4 cxd4 4. Nxd4 Nf6 5. Nc3 a6 6. Bc4 e6 7. a4 Qc7 8. Ba2
Bd7 9. O-O Nc6 10. Be3 Rc8 11. f4 Be7 12. Qe2 Nxd4 13. Bxd4 Bc6 14. a5 O-O 15.
Bb6 Qb8 16. g4 Nd7 17. Qe3 Nxb6 18. axb6 d5 19. exd5 Bxd5 20. Na4 Bxa2 21. Rxa2
Rxc2 22. Rc1 Rfc8 23. Rxc2 Rxc2 24. Qd3 Qc8 25. Ra1 Qc6 26. Qg3 Bh4 0-1

[Event "20. Torneo San Viator 2013"]
[Site "Madrid ESP"]
[Date "2013.05.19"]
[Round "6.13"]
[White "Gutierrez Diaz, Pablo"]
[Black "Fernandez Garcia, Javier"]
[Result "0-1"]
[WhiteElo "1641"]
[BlackElo "2028"]
[PlyCount "76"]
[EventDate "2013.04.07"]
[EventType "swiss"]
[EventRounds "9"]
[EventCountry "ESP"]
[Source "lmi"]
[SourceDate "2013.04.07"]

1. e4 e6 2. d3 d5 3. Nd2 Nf6 4. Ngf3 b6 5. e5 Nfd7 6. d4 c5 7. c3 Be7 8. Bd3
Ba6 9. Nf1 Bxd3 10. Qxd3 Nc6 11. Bd2 Rc8 12. Ng3 Na5 13. O-O Nc4 14. b3 Nxd2
15. Qxd2 b5 16. Ne1 Qb6 17. Nc2 O-O 18. Kh1 b4 19. cxb4 cxd4 20. f4 f6 21. exf6
Nxf6 22. Rae1 Ng4 23. Re2 e5 24. f5 Bh4 25. Ne1 Bxg3 26. hxg3 e4 27. Qg5 d3 28.
Qxg4 dxe2 29. Qxe2 Qxb4 30. g4 Qd4 31. g5 Qe5 32. Qg4 Rc7 33. Qh3 Rc3 34. Qh2
Qxh2+ 35. Kxh2 Rfc8 36. g3 Rc1 37. Kg2 Ra1 38. Kh3 Rcc1 0-1

[Event "20. Torneo San Viator 2013"]
[Site "Madrid ESP"]
[Date "2013.05.19"]
[Round "6.14"]
[White "Camarero Izquierdo, Juan Carlos"]
[Black "Algaba Traspuesto, Jose Antonio"]
[Result "1-0"]
[WhiteElo "1934"]
[BlackElo "1638"]
[PlyCount "110"]
[EventDate "2013.04.07"]
[EventType "swiss"]
[EventRounds "9"]
[EventCountry "ESP"]
[Source "lmi"]
[SourceDate "2013.04.07"]

1. d4 d5 2. Nc3 c6 3. e4 dxe4 4. Nxe4 Nd7 5. Bc4 Ngf6 6. f3 e5 7. Ng5 Nd5 8.
Bxd5 cxd5 9. dxe5 h6 10. e6 hxg5 11. exf7+ Kxf7 12. Qxd5+ Ke8 13. Bxg5 Be7 14.
Bd2 Nf6 15. Qg5 Qd5 16. Qg6+ Qf7 17. Qg3 Ne4 18. Qe5 Nxd2 19. Kxd2 Rh5 20. Qe2
Qd5+ 21. Kc1 Re5 22. Qf1 Bg5+ 23. f4 Bxf4+ 24. Kb1 Bg4 25. Nf3 Re3 26. a3 Rd8
27. c4 Qe4+ 28. Ka2 Be6 29. Rc1 Red3 30. Qe1 Re3 31. Qb4 Re2 32. Rc3 Rxg2 33.
Qb5+ Rd7 34. Re1 Re2 35. Rxe2 Qxe2 36. Nd4 Qe5 37. Nxe6 Qxe6 38. Rf3 Bxh2 39.
Qh5+ Rf7 40. Qh8+ Ke7 41. Qh4+ Kd7 42. Rd3+ Bd6 43. Qd4 Kc7 44. Qxa7 Qxc4+ 45.
Rb3 Rf3 46. Qxb7+ Kd8 47. Qxf3 Qe6 48. Qb7 g5 49. a4 g4 50. a5 Bc5 51. a6 g3
52. a7 Bxa7 53. Qxa7 g2 54. Qa8+ Qc8 55. Qxc8+ Kxc8 1-0

[Event "20. Torneo San Viator 2013"]
[Site "Madrid ESP"]
[Date "2013.05.19"]
[Round "6.15"]
[White "Vicario Ramirez, Celestino"]
[Black "Garcia Carcedo, Jesus"]
[Result "0-1"]
[WhiteElo "1585"]
[BlackElo "1808"]
[PlyCount "90"]
[EventDate "2013.04.07"]
[EventType "swiss"]
[EventRounds "9"]
[EventCountry "ESP"]
[Source "lmi"]
[SourceDate "2013.04.07"]

1. c4 Nf6 2. g3 d5 3. cxd5 Nxd5 4. Bg2 e6 5. Nc3 c6 6. Nf3 Be7 7. O-O O-O 8. a3
b6 9. Qc2 Bb7 10. d3 Nd7 11. Rd1 Rc8 12. Ne4 c5 13. Qb1 Qc7 14. Bd2 N7f6 15.
Nc3 Rfd8 16. Qa2 a6 17. Rac1 Qb8 18. Qb1 b5 19. e4 Nxc3 20. Bxc3 Qa8 21. Ne1 c4
22. e5 Nd5 23. d4 a5 24. b4 cxb3 25. Qxb3 b4 26. axb4 Bxb4 27. Bxb4 Rxc1 28.
Rxc1 Nxb4 29. Bxb7 Qxb7 30. Qc4 h6 31. Nd3 Qe4 32. Nxb4 axb4 33. Qxb4 Rxd4 34.
Qb8+ Kh7 35. Qb1 g6 36. Qxe4 Rxe4 37. f4 Re2 38. Rc7 Kg7 39. h4 g5 40. Rc4 Kg6
41. Kf1 Ra2 42. Re4 gxh4 43. Re2 Rxe2 44. Kxe2 hxg3 45. Kf3 Kf5 0-1

[Event "20. Torneo San Viator 2013"]
[Site "Madrid ESP"]
[Date "2013.05.19"]
[Round "6.16"]
[White "Tolosana Esteban, Enrique"]
[Black "Cabeza Hernandez, Guillermo"]
[Result "1-0"]
[WhiteElo "1754"]
[BlackElo "1549"]
[PlyCount "57"]
[EventDate "2013.04.07"]
[EventType "swiss"]
[EventRounds "9"]
[EventCountry "ESP"]
[Source "lmi"]
[SourceDate "2013.04.07"]

1. e4 e5 2. Nf3 d6 3. d4 exd4 4. Nxd4 Nf6 5. Nc3 Be7 6. Bc4 O-O 7. O-O Nbd7 8.
Nf5 Ne5 9. Nxe7+ Qxe7 10. Be2 a6 11. Bg5 Qe6 12. f4 Nc6 13. Bf3 Ne7 14. Qd4 c5
15. Qd3 Nc6 16. Nd5 Ne8 17. f5 Qe5 18. c3 g6 19. Bh6 gxf5 20. Bxf8 Kxf8 21.
Rae1 f4 22. Qd2 Qg5 23. Qxf4 Qxf4 24. Nxf4 Ne5 25. Bh5 Ke7 26. Nd5+ Ke6 27. Re2
Nd3 28. Bxf7+ Kd7 29. Bxe8+ 1-0

[Event "20. Torneo San Viator 2013"]
[Site "Madrid ESP"]
[Date "2013.05.19"]
[Round "6.17"]
[White "Arias Cusio, Oscar"]
[Black "Moreno Zamora, Gregorio"]
[Result "0-1"]
[WhiteElo "1761"]
[BlackElo "1725"]
[PlyCount "88"]
[EventDate "2013.04.07"]
[EventType "swiss"]
[EventRounds "9"]
[EventCountry "ESP"]
[Source "lmi"]
[SourceDate "2013.04.07"]

1. e4 c6 2. Nf3 d5 3. e5 c5 4. c3 Nc6 5. d4 Bg4 6. Bb5 e6 7. Be3 Qb6 8. a4 a6
9. Bxc6+ bxc6 10. Ra2 Bxf3 11. gxf3 cxd4 12. cxd4 c5 13. Nc3 c4 14. O-O Ne7 15.
Qc2 Nf5 16. Rb1 Rb8 17. a5 Qb3 18. Qc1 Bb4 19. Ra3 Bxa3 20. bxa3 O-O 21. Rxb3
cxb3 22. Na4 Rfc8 23. Nc5 b2 24. Qb1 Rb5 25. Kg2 Rc6 26. Nd3 Rb3 27. Nc5 Rb5
28. a4 Rb8 29. Kf1 h6 30. Ke2 Rb4 31. Kd3 Nxe3 32. fxe3 Rc8 33. h4 Kh8 34. Kc2
Rc4+ 35. Kd3 Rb8 36. Kd2 Rc1 37. Qxc1 bxc1=Q+ 38. Kxc1 Kh7 39. Nxa6 Ra8 40. Nc5
Rxa5 41. Kb2 Kg6 42. Kb3 Kh5 43. Nd3 Kxh4 44. Nf4 g5 0-1